[Event "Novy Bor m1"]
[Site "Novy Bor"]
[Date "2013.09.25"]
[Round "6"]
[White "Laznicka, Viktor"]
[Black "Topalov, Veselin"]
[Result "0-1"]
[WhiteElo "2677"]
[BlackElo "2769"]
[Annotator "Ramirez Alvarez,A"]
[PlyCount "76"]
[EventDate "2013.09.19"]
[EventType "match"]
[EventRounds "6"]
[EventCountry "CZE"]
[SourceTitle "CBM 157"]
[Source "ChessBase"]
[SourceDate "2013.11.12"]
[SourceVersion "1"]
[SourceVersionDate "2013.11.12"]
[SourceQuality "1"]

1. c4 e6 2. Nc3 d5 3. d4 Be7 {There's always a lot to be said about the
Orthodox type of position in the Queen's Gambit. Obviously Black isn't aiming
for an utlra-aggressive setup the way that the King's Indian or Benoni deal
with the opening, and it's even more solid than a Queen's Indian or a Slav, so
why isn't it more popular? The reason really is that it is quite passive and
if White doesn't do anything special he should retain the slightest of edges.
However, once in a while, specially lately, White goes for immediate
aggression to try to punish Black for trying to develop so harmoniously.} 4.
cxd5 exd5 5. Bf4 c6 6. e3 Bf5 (6... Bd6 7. Bxd6 Qxd6 {is also a popular line.})
7. g4 $5 {Nothing new under the sun. This idea has been around since the age
of Botvinnik, but only lately has White really explored all of its potential.}
Be6 8. Bd3 (8. h4 $5 Nd7 9. g5 h6 10. g6 {was seen just yesterday in the game
Stefanova-Kosteniuk, Tashkent Grand Prix}) 8... Nd7 9. Bf5 $5 {Not entirely
new. Volkov tried it unsuccessfully against Grachev last year, but whenever
Volkov essays something grandmasters look at it with interest.} Bxf5 {already
new, Gracehv chose Nf8.} 10. gxf5 Bb4 11. Nge2 Ne7 12. Qc2 {White's pawn on f5
is very weak, but it is hard to get to. The open f-file and the potential to
set up a strong pawn center compensate.} Nb6 13. f3 $2 {Strangely we will see
that this move is the source of all of White's problems from now on. Of course,
hindsight is 20/20.} (13. Rg1 g6 14. Be5 {was certainly more to the point.})
13... g6 $5 {Black takes advantage of the fact that the f3 move has somewhat
weakened darksquares, specifically the h4-e1 diagonal and the e3 square.
Topalov's idea is very strong.} 14. fxg6 Nxg6 $1 {Topalov's idea.} 15. O-O-O
Qe7 16. Rd3 Nc4 {The pressure on e3 is ramping up, and Laznicka decides to
kick out this knight from c4, but at the cost of further weakening his dark
squares.} 17. b3 Na3 18. Qb2 Nxf4 19. Nxf4 Rg8 {With white's discoordinated
rooks, it is suddenly Black that takes advantage of the open g-file.} 20. Qf2
O-O-O 21. Kb2 Kb8 22. Nb1 Rde8 23. Nxa3 Bxa3+ 24. Kb1 Bd6 {White's position is
very discoordinated, and oh did he wish his pawn on f3 was back on f2...} 25.
Ne2 Qe6 26. Nc3 Qf5 27. Rhd1 Rg6 28. R1d2 Qh3 29. f4 Qf5 30. Ne2 h5 31. Ng3 Qg4
32. Qe2 h4 33. Qxg4 Rxg4 34. Nf5 Bb4 {White hasn't lost material yet, but his
position keeps becoming worse and worse. His rooks are horrible compared to
their counterparts and specially h2 will be hard to hold on to.} 35. h3 (35.
Rf2 Rh8 $1 {Suddenly puts the question to the knight on f5: how exactly are
you going to go back? The threat is Rh5.}) 35... Rg6 36. Re2 (36. Nxh4 Rg1+ 37.
Rd1 Rxd1+ 38. Rxd1 Rxe3 {is hopeless as White is about to lose a pawn or two.})
36... Rh8 37. e4 Rf6 38. Ng7 Rg8 {The lone knight on g7 persishes as his rooks
are unable to support him. Topalov played a positionally brilliant game to
conclude this match.} 0-1

[Event "Gibraltar Masters 9th"]
[Site "Caleta"]
[Date "2011.01.26"]
[Round "2"]
[White "Ivanchuk, Vassily"]
[Black "Lafuente, Pablo"]
[Result "1-0"]
[WhiteElo "2764"]
[BlackElo "2561"]
[Annotator "Reeh,O"]
[PlyCount "71"]
[EventDate "2011.01.25"]
[EventType "swiss"]
[EventRounds "10"]
[EventCountry "GGB"]
[SourceTitle "CBM 141"]
[Source "ChessBase"]
[SourceDate "2011.03.17"]
[SourceVersion "1"]
[SourceVersionDate "2011.03.17"]
[SourceQuality "1"]

1. d4 d5 2. c4 e6 3. Nc3 Be7 4. cxd5 exd5 5. Bf4 c6 6. e3 Bd6 7. Bxd6 Qxd6 8.
Bd3 Ne7 9. Qc2 Bg4 10. h3 Bh5 11. f4 f6 12. g4 Bf7 13. Nf3 Nd7 14. O-O-O a6 15.
Kb1 c5 16. dxc5 Nxc5 17. Nd4 Nxd3 18. Qa4+ Qd7 19. Rxd3 h5 20. Rdd1 Qxa4 21.
Nxa4 O-O-O 22. Rd3 hxg4 23. Rc1+ Kb8 24. hxg4 Rc8 25. Nc5 Ka7 26. Rdc3 Rc7 27.
b4 Rhc8 28. Kb2 Nc6 29. Nxa6 $1 {Exploiting the battery in the c-file to
completely expose the black king. Nutzt die Batterie in der c-Linie zur
kompletten Entblößung des schwarzen Königs.} Kxa6 30. b5+ Kb6 31. bxc6 bxc6 {
[%tqu "En","White has exposed the black king. How can he conquer the point c6
now?","Which move threatens mate in 2?","","c3b3","The game continuation which
is not quite as strong.",0,"b2a1","A very powerful retreat.  The threat 33.
Rb1+/34.Ra3++ forces Black to abandon the point c6 whereupon his position
collapses.",15,"c1b1","Also very strong, provided you intended to answer 32...
Rb7 with 33.Kc2+!",15,"De","Weiß hat den schwarzen König freigelegt. Wie kann
er nun den Punkt c6 erobern?","Welcher Zug droht Matt in 2?","","c3b3","Die
Partiefortsetzung, die nicht ganz so stark ist.",0,"b2a1","Ein sehr
kraftvoller Rückzug!  Die Drohung 33.Rb1+/34.Ra3++ zwingt Schwarz, den Punkt
c6 aufzugeben, woraufhin seine Stellung zusammenbricht.",15,"c1b1","Ebenfalls
sehr stark, vorausgesetzt Sie beabsichtigten auf 32...Rb7 die Antwort 33.
Kc2+!",15]} 32. Rb3+ ({The retreat Der Rückzug} 32. Ka1 $1 {with the threat 33.
Rb1+/34.Ra3++ would have forced Black to abandon the point c6, since mit der
Drohung 33.Rb1+/34.Ra3++ hätte Schwarz gezwungen, den Punkt c6 aufzugeben, denn
} Kb7 (32... Rd7 33. Nxc6 {and Black's position collapses. und die schwarze
Stellung bricht zusammen.}) 33. Rb1+ Ka8 {fails to scheitert ja an} {[%tqu
"En","How can White decide the game immediately?","","","d4c6","",10,"De","Wie
kann Weiß die Partie sofort entscheiden?","","","d4c6","",10]} 34. Nxc6 $1) ({
and also strong was und stark war auch} 32. Rb1 {with the idea mit der Idee}
Rb7 33. Kc2+ $1 Kc7 34. Rxc6+ Kb8) 32... Ka6 33. Rcc3 Ka7 34. Rc5 Ka8 {
Allowing a quick finish. Lässt ein rasches Finale zu.} ({Correct was the
return Richtig war die Rückkehr} 34... Ka6 $1) 35. Nxc6 $1 {Threatens 36.Ra5+
and shows that the black Rc7 is overloaded as the sole defender of the a-file.
Droht 36.Ra5+ und zeigt, dass der schwarze Rc7 als alleiniger Verteidiger der
a-Linie überfordert ist.} Ra7 (35... Rxc6 36. Ra5+ Ra6 37. Rxa6#) {[%tqu "En",
"Which move forces Black's immediate resignation?","","","c5b5","...
threatening mate on b8.",5,"De","Welcher Zug zwingt Schwarz sofort zur
Aufgabe?","","","c5b5","...mit Mattdrohung auf b8.",5]} 36. Rcb5 $1 {and in
view of 36...Rxc6 37.Rb8++ Black resigned. und angesichts von 36...Rxc6 37.
Rb8++ gab Schwarz auf.} 1-0

[Event "Moscow FIDE GP"]
[Site "Moscow"]
[Date "2017.05.12"]
[Round "1"]
[White "Mamedyarov, Shakhriyar"]
[Black "Vallejo Pons, Francisco"]
[Result "1/2-1/2"]
[WhiteElo "2772"]
[BlackElo "2710"]
[Annotator "Roiz,M"]
[PlyCount "59"]
[EventDate "2017.05.12"]
[EventType "swiss"]
[EventRounds "9"]
[EventCountry "RUS"]
[SourceTitle "CBM 179"]
[Source "ChessBase"]
[SourceDate "2017.07.12"]
[SourceVersion "1"]
[SourceVersionDate "2017.07.12"]
[SourceQuality "1"]

1. d4 d5 2. c4 e6 3. Nc3 a6 {This unusual system has been successfully
employed by Magnus, so other strong players do not mind trying it from time to
time.} 4. cxd5 ({The alternative -} 4. e4 dxe4 5. Nxe4 Bb4+ 6. Nc3 c5 {takes
the game to ''Slav Gambit'' paths with the inclusion of a7-a6. Most probably,
Black shouldn't face serious problems here.}) 4... exd5 {No doubt, the
exchange on d5 helps Black to develop the light-squared bishop.} 5. Nf3 c6 ({
The position which arises after} 5... Nf6 6. Bg5 Be6 7. e3 Nbd7 {was tested on
the highest level and seems acceptable for Black. For instance,} 8. Bd3 h6 (
8... Bd6 9. O-O O-O 10. Qc2 h6 11. Bf4 Qe7 12. Bxd6 Qxd6 13. a3 Bg4 14. Nd2 c5
15. dxc5 Nxc5 $11 {Riazantsev,A (2671)-Carlsen,M (2840) Doha QAT 2016}) 9. Bh4
g5 10. Bg3 Nh5 11. Be5 Ng7 12. h3 Nxe5 13. Nxe5 Bd6 14. O-O c6 15. Rc1 h5 $132
{Riazantsev,A (2659)-Mastrovasilis,D (2580) Minsk BLR 2017}) 6. e4 {This is
the most ambiitous try - White's development advantage might tell after
opening up the position.} ({The quiet} 6. Bf4 {is also not without merits:} Bd6
7. Bxd6 Qxd6 8. e3 Ne7 9. Bd3 Bf5 (9... Bg4 $5) 10. Qb3 b5 11. Bxf5 Nxf5 12. a4
b4 13. Ne2 $14 {Grischuk,A (2754)-Carlsen,M (2857) chess.com INT 2016}) 6...
dxe4 7. Ng5 ({Harmless is:} 7. Nxe4 Nf6 8. Nxf6+ Qxf6 9. a3 Bd6 10. Bg5 Qe6+
11. Be2 h6 12. Bh4 O-O $11 {Morozov,N (2353)-Svetushkin,D (2574) Chisinau MDA
2016}) 7... Be7 {Francisco is deviating from his previous encounter in this
line} ({, which saw} 7... h6 8. Ngxe4 Nf6 9. Nxf6+ Qxf6 10. Bc4 Bd6 11. Ne4
Bb4+ 12. Bd2 Bxd2+ 13. Qxd2 Qg6 14. O-O $14 {Svane,R (2552)-Vallejo Pons,F 
(2711) Hamburg GER 2017}) 8. Bc4 Nh6 ({In the event of} 8... Bxg5 $6 9. Qh5 g6
10. Qxg5 Qxg5 11. Bxg5 Bf5 12. O-O-O $36 {Black wouldn't benefit from
simplifications - the dark squares in his camp are very vulnerable.}) 9. Ngxe4
({I guess, another natural recapture -} 9. Ncxe4 {was rejected by GM
Mamedyarov in view of} Nd7 (9... Bf5 {Hammer,J (2630)-Andreikin,D (2734) chess.
com INT 2017.} {seems dangerous in view of} 10. g4 $1 Bg6 11. O-O O-O 12. h3
Nd7 13. f4 $36) 10. O-O Nb6 11. Bb3 O-O 12. Re1 Nd5 {and Black is quite solid.}
) 9... Nf5 10. d5 O-O 11. Bf4 (11. O-O {can be well met by} b5 $1 12. Bb3 b4
13. Na4 cxd5 14. Qxd5 Qxd5 15. Bxd5 Ra7 {and Black should be able to
neutralise the activity of opponent's pieces in the subsequent endgame.}) 11...
cxd5 12. Nxd5 {In the position with symmetrical pawn structures which has
arisem White has a slight advantage due to the strong Nd5, but Black's setup
lacks weaknesses, so there is nothing serious.} Nc6 ({Possible is also} 12...
b5 $5 13. Bb3 Be6 14. Ng3 (14. O-O Nc6 15. Re1 Ncd4 16. Nxe7+ Qxe7 17. Ng5 Rad8
$132) 14... Bd6 15. Bxd6 Qxd6 16. O-O Nc6 17. Nxf5 Bxf5 {and Black is close to
full equality.}) 13. O-O Be6 14. Re1 Bxd5 {This decision looks like a
concession, but the activity of Black's knights would compensate for the pair
of bishops.} 15. Bxd5 Bb4 16. Nc3 $146 {This move enables Shakhriyar to keep
some tension in the position.} (16. Bg5 {is harmless:} Nce7 17. Bxb7 Bxe1 18.
Bxa8 Bxf2+ 19. Nxf2 Qxa8 $11 {Vakhidov,J (2525)-Xu,Y (2463) Al-Ain UAE 2015})
16... Nfd4 17. Be4 Re8 18. Re3 {Unpinning the knight and creating some
attacking potential (In particular, the rook can be located on g3 or h3).} (18.
a3 Bf8 (18... Bxc3 {is less convincing:} 19. bxc3 Ne6 20. Be3 $14) 19. Qd3 g6
20. Rad1 Bg7 $11 {feels quite safe for Black too.}) 18... g6 ({Possibly, a
better try was} 18... Ne6 $5 19. Rd3 Qa5 20. Rd5 Bc5 {- it would lead to a
more complicated play, but Black should be OK here.}) 19. h4 ({Worth attention
is} 19. Bxc6 $5 Nxc6 20. Rxe8+ Qxe8 21. Nd5 Qd8 22. Nxb4 Nxb4 23. Qb3 $14 {
, and the vulnerablity of his king still causes Black some problems.}) 19...
Ne6 $1 {Inviting further simplifications.} 20. Qxd8 Raxd8 21. Bxc6 bxc6 $11 {
White's structural advantage is rather symbolic here.} 22. Rae1 Be7 23. g3 (23.
Bg5 Bxg5 24. hxg5 Kg7 $11) 23... Nxf4 24. Rxe7 Rxe7 25. Rxe7 Nd5 {Of course,
the rook endgame is very drawish.} 26. Re4 Nxc3 27. bxc3 Rd5 28. Rc4 Kf8 29.
Kf1 Ke7 30. Rxc6 1/2-1/2

[Event "Baku FIDE GP"]
[Site "Baku"]
[Date "2014.10.04"]
[Round "3"]
[White "Nakamura, Hikaru"]
[Black "Caruana, Fabiano"]
[Result "1/2-1/2"]
[WhiteElo "2764"]
[BlackElo "2844"]
[Annotator "Roiz,M"]
[PlyCount "100"]
[EventDate "2014.10.02"]
[EventType "tourn"]
[EventRounds "11"]
[EventCountry "AZE"]
[EventCategory "21"]
[SourceTitle "CBM 163"]
[Source "ChessBase"]
[SourceDate "2014.11.11"]
[SourceVersion "1"]
[SourceVersionDate "2014.11.11"]
[SourceQuality "1"]

1. d4 d5 2. c4 e6 3. Nc3 Be7 4. cxd5 exd5 5. Bf4 c6 6. e3 Bf5 7. g4 Be6 8. h4
Nd7 9. Bg3 {This rare move was already tried by Hikaru before. The main idea
of White's last move is freeing the f4-square for the knight.} ({White's most
agressive approach here is:} 9. g5 h6 10. g6 Ngf6 ({accepting the sacrifice
looks quite dangerous:} 10... fxg6 11. Bd3 Bf7 12. Qc2 g5 13. hxg5 Bxg5 14. Bg3
Ne7 15. Nf3 Bf6 16. O-O-O $36 {1-0 Tomashevsky,E (2711)-Aghasaryan,R (2503)/
Yerevan ARM 2014 (26)}) 11. gxf7+ Bxf7 12. Bd3 Nh5 (12... Ne4 13. Bxe4 dxe4 14.
Nge2 O-O 15. Qc2 Nf6 16. Rg1 Kh8 17. Be5 $36 {1-0 Nepomniachtchi,I (2717)
-Ponomariov,R (2756)/Riga LAT 2013 (33)}) (12... O-O 13. Qf3 Qb6 (13... Nh5 14.
Nge2 Nxf4 15. Nxf4 Bd6 16. Nce2 $14) 14. O-O-O c5 15. Nge2 Rac8 16. Rhg1 $16 {
1-0 Nepomniachtchi,I (2721)-Aronian,L (2803)/Beijing CHN 2013 (75)}) 13. Bh2 (
13. Be5 O-O {didn't give White much and led to a quick draw after:} 14. Qg4
Nhf6 15. Qg3 Nh5 16. Qg4 Nhf6 17. Qg3 Nh5 {1/2-1/2 Morozevich,A (2762)-Giri,A 
(2714)/Reggio Emilia 2012/CBM 146}) 13... O-O 14. Qg4 (14. Nf3 $5) 14... Ndf6
15. Qg2 Be6 $132 {1/2-1/2 Stefanova,A (2496)-Kosteniuk,A (2495)/Tashkent UZB
2013 (39)}) 9... Nb6 {A standard manoeuvre. The knight is heading to c4, while
the queen is getting more mobile.} ({In his previous game in this line,
Nakamura was able to get a serious advantage quite quickly:} 9... Ngf6 10. f3
Nb6 11. Bd3 Nc4 12. Qe2 c5 $2 (12... Qb6 13. O-O-O Bb4 14. Be1 $132) 13. Bxc4
dxc4 14. d5 Nxd5 15. O-O-O $16 {1-0 Nakamura,H (2772)-Bacrot,E (2723)/
Elancourt FRA 2013 (35)}) 10. f3 Bd6 {Both players are following Hikaru's
preceding game.} (10... h5 11. g5 Bd6 12. Bxd6 Qxd6 13. Qc2 Ne7 14. Bd3 {
leads to the text.}) 11. Bxd6 Qxd6 12. Qc2 {A good prophylactic move - now the
check on g3 is not dangerous.} h5 {Black prefers to fix the pawn structure in
order to get some stable squares for the knights.} ({In the event of} 12... Ne7
13. Bd3 O-O-O 14. Nge2 Kb8 15. Nf4 Bd7 16. O-O-O Rhe8 17. Qh2 $14 {Black's
position would lack any active ideas.}) 13. g5 Ne7 14. Bd3 O-O $5 $146 {
Fabiano comes up with an interesting novelty. The king is quite safe on the
k-side at the moment, while Black may consider some counter-attacking
activities like c6-c5 on the opposite side.} ({Levon Aronian got a solid
position after} 14... O-O-O 15. Nge2 Kb8 16. Kf2 (16. O-O-O $5 {might be a
possible improvement.} Nc4 17. Bxc4 dxc4 18. Nf4) 16... g6 17. a4 a5 18. Ng3
Rdf8 19. Qd2 f6 $132 {1/2-1/2 Nakamura,H (2758)-Aronian,L (2802)/Moscow 2011/
CBM 146/[Krasenkow,M] (53)}) 15. Nge2 Rac8 {A logical continuation of Black's
previous play.} ({It was also worth considering} 15... Rae8 16. Kf2 g6 17. Rad1
Qd7 18. Ng3 Nbc8 19. Nce2 Nd6 20. Nf4 Ndf5 $132) 16. Rd1 {Long castling was
still possible, but White decides to keep the king in the centre.} (16. O-O-O
c5 17. dxc5 Rxc5 18. Kb1 Rfc8 19. Nd4 Nc4 $132) 16... g6 17. Kf2 a6 {Black is
not in a rush, so that a prophylactic move makes sense.} 18. b4 {A risky move
- White prefers to prevent the above mentioned play along the c-file, but the
text move has a clear drawback: Black gets full control over the c4-square.} (
18. Qd2 c5 19. dxc5 Rxc5 20. Nf4 Rfc8 21. Nce2 Bf5 22. b3 Bxd3 23. Qxd3 Nd7 $11
) (18. Nf4 Bf5 19. Nce2 c5 20. dxc5 Rxc5 21. Qd2 Bxd3 22. Nxd3 Rc7 $11) 18...
Bf5 $1 {Correctly exchanging the bishops. Now White is under some pressure.} (
18... Rfe8 19. a4 Nd7 20. Qb2 $11) 19. Bxf5 $6 {Now White's position is
becoming dangerous from the strategic point of view.} ({It seems, that it is
only after} 19. e4 dxe4 20. Nxe4 $1 {that White should be able to avoid a
clearly worse position. For instance,} (20. fxe4 Bg4 21. Rdf1 Nd7 22. Qd2 Rcd8
$15) 20... Qc7 21. N2g3 Bxe4 (21... Be6 22. Nf6+ Kh8 23. Rhe1 $132) 22. fxe4
Qd6 23. Ne2 f5 24. gxf6 Rxf6+ 25. Ke1 Qxb4+ 26. Qd2 $44 {with definite
compensation for a pawn.}) 19... Nxf5 20. e4 Ng7 {White's position is rather
unpleasant now.} 21. Qb3 ({Hardly better was} 21. e5 Qxb4 22. Rb1 Qa5 23. Qb3
Nc4 24. Qxb7 Nf5 $36) 21... Nc4 22. e5 Qe6 {Black is taking control of the
important light squares.} (22... Qd7 $5) 23. Nf4 ({Also after} 23. Na4 b6 24.
Nb2 b5 25. Nd3 a5 $15 {Black may make some progress on the queenside.}) 23...
Qe7 (23... Qf5 $5 24. Nd3 a5 25. b5 a4 26. Qb4 Ne6 27. Ne2 c5 $36) 24. Ne4 {
White is trying to change the character of play.} dxe4 25. Qxc4 Ne6 $1 {
A nice tactical way to exploit the vulnerable placement of White's monarch.}
26. Ne2 exf3 27. Ng3 $6 {One more inaccuracy - there was no reason for
delaying taking the pawn back.} (27. Kxf3 Rcd8 28. a3 a5 29. Kf2 axb4 30. axb4
Nc7 $15) 27... a5 (27... b5 $5 28. Qc3 a5 29. bxa5 Ra8 30. Ne4 b4 31. Qxc6 Rxa5
32. Rd2 Qa7 $17) 28. a3 $2 {Allowing Black to seize the open a-file looks
fatal in this situation.} ({A more stubborn move would be} 28. bxa5 c5 29. d5
Nd4 30. Rhe1 Qd7 31. Rh1 $17) 28... axb4 29. axb4 (29. Qxb4 c5 30. dxc5 Nxc5
31. Rd5 Rc6 32. Rhd1 Ra8 33. Ne4 Nxe4+ 34. Qxe4 Rxa3 $19) 29... Ra8 30. Ne4 (
30. Rd2 Ra3 31. Ne4 Nf4 {leads to the same position.}) 30... Ra3 31. Rd2 Nf4 $1
{Fabiano energetically develops his initiative.} 32. Rb1 Kg7 {Black's position
is winning, but Fabuano had to find some precise moves.} ({It was possible to
liquidate into a winning endgame:} 32... Nd5 33. Rb3 Ra1 34. Nf6+ (34. Rxf3 Qe6
$19) 34... Nxf6 35. gxf6 Qd7 36. e6 Qxe6 37. Qxe6 fxe6 38. Rxf3 Rb1 $19) 33.
Rb3 Rfa8 {The most logical move from a human point of view.} ({The following
winning line wasn't trivial:} 33... Nh3+ 34. Kg3 (34. Kxf3 Qe6 $1 35. Qxe6
fxe6+ $19) 34... b5 35. Qc2 Qe6 36. Rxa3 Qg4+ 37. Kh2 Qxh4 38. Rxf3 Nxg5+ 39.
Kg2 Qg4+ $1 40. Rg3 Qxe4+ 41. Qxe4 Nxe4 $19) 34. Nf6 Ra2 $6 {The first step in
a wrong direction.} ({Once again, Caruana deviates from a forcing winning line:
} 34... Qd8 $1 35. Kxf3 Nd5 36. Kf2 Qc8 37. Qd3 Ra2 38. Rdb2 Nxf6 39. gxf6+ Kh7
$19) 35. Rxa2 Rxa2+ 36. Kxf3 {As a result, White has managed to take the pawn
back, while the position is simplified.} Ng2 $2 {Finally spoiling all the
advantage.} ({At the same time, the correct} 36... Nd5 $1 37. Nxd5 Qe6 38. Ne3
Qh3+ 39. Ke4 Rd2 $1 40. Qf1 $8 Qxh4+ 41. Kf3 Rxd4 42. Qg2 Qf4+ 43. Ke2 Qxe5 $17
{would still allow Black to obtain excellent winning chances.}) 37. Kg3 Ne1 38.
Re3 {Now the queen cannot take part in the attack, so White is out of danger.}
Nc2 (38... Rg2+ 39. Kh3 Rc2 40. Qb3 Ng2 41. Re4 Qe6+ 42. Qxe6 fxe6 43. Kg3 $11)
39. Qxa2 (39. Rf3 Nxb4 40. Ne4 Qd7 41. Nf6 Qe7 $11) 39... Nxe3 40. Qa8 ({
Another possibility was} 40. Kf3 Nf5 41. Qa8 Qf8 42. Qxb7 Nxd4+ 43. Kf2 Ne6 $11
) 40... Qf8 41. Qxb7 Nf5+ 42. Kh3 Nxd4 43. Qd7 (43. Kg2 Qd8 44. Kf2 Nf5 45. Ke2
Qd4 46. Qb8 $11) 43... Qxb4 44. Qd8 $11 {There was no more than a perpetual
now.} Qc3+ 45. Kg2 Qd2+ 46. Kh3 Qd3+ 47. Kg2 Qf3+ 48. Kh2 Qf2+ 49. Kh3 Qf1+ 50.
Kh2 Qf2+ 1/2-1/2